000 00470nam a2200181Ia 4500
005 20250326142803.0
008 250326s9999 xx 000 0 und d
037 _aTextbook
040 _aFMSL
_beng
_cFMSL
041 _aeng
_2eng
084 _qFMSL
100 _aTandon B C
245 0 _aResearch methodology in social sciences
_cTandon B C
260 _aChaitanya
_bChaitanya, Pub. House
_c1979
300 _a277p
942 _cTB
999 _c1296625
_d1296625